La evolucin̤ del Derecho Procesal a la luz de JUSTICIA 40 AÑOS DE HISTORIA /

Detalles Bibliográficos
Autor principal: Pic ̤i Junoy, Joan
Formato: eBook
Lenguaje:español
Publicado: Barcelona: J.M. Bosch Editor, 2021
Materias:
Acceso en línea:Acceso restringido

MARC

LEADER 00000nam a22000007a 4500
005 20220831221430.0
007 cr|||| ||||
008 220831s2021 es |||||s|||| 00||0 spa d
020 |a 978-84-19045-07-2 
035 |a 36319 
040 |a vLex 
090 |c 13859  |d 13859 
100 1 |a Pic ̤i Junoy, Joan 
245 1 2 |a La evolucin̤ del Derecho Procesal a la luz de JUSTICIA  |h [Recurso electrn̤ico] :  |b 40 AÑOS DE HISTORIA /  |c Joan Pic ̤i Junoy 
256 |a Servicio en ln̕ea 
260 |a Barcelona:  |b J.M. Bosch Editor,  |c 2021 
300 |a 1 recurso electrn̤ico 
506 1 |a Disponible solo en los productos indicados  |d vLex Global  |d vLex Global (Academic Edition, excluding Law Schools)  |d vLex Global (U.S. Academic Edition, Law Schools)  |d vLex Global (U.S. Academic Edition, excluding Law Schools)  |d vLex Global (Academic Edition, Law Schools) 
650 0 4 |a Derecho Procesal  |z Espaą 
740 0 |a vLex Libros (Servicio en ln̕ea) 
856 4 0 |u https://app.vlex.com/#/sources/36319  |z Acceso restringido 
942 |c BOOK 
999 0 |a Procedural law